Breve tratado sobre la Reforma Monetaria (Registro nro. 4303)

Detalles MARC
000 -LEADER
fixed length control field 00988 a2200217 4500
001 - CONTROL NUMBER
control field 47162
005 - DATE AND TIME OF LATEST TRANSACTION
control field 20260407155740.0
008 - FIXED-LENGTH DATA ELEMENTS--GENERAL INFORMATION
fixed length control field 260407a1992 arg spa d
003 - CONTROL NUMBER IDENTIFIER
control field AR-UNSa-BCEJYS
040 ## - CATALOGING SOURCE
Original cataloging agency AR-UNSa-BCEJYS
Language of cataloging spa
Transcribing agency AR-UNSa-BCEJYS
080 ## - UNIVERSAL DECIMAL CLASSIFICATION NUMBER
Universal Decimal Classification number 338.23:336.74
Common auxiliary subdivision Política monetaria
100 1# - MAIN ENTRY--PERSONAL NAME
Personal name Rodríguez Braun, Carlos
245 10 - TITLE STATEMENT
Title Breve tratado sobre la Reforma Monetaria
264 #1 - PRODUCTION, PUBLICATION, DISTRIBUTION, MANUFACTURE, AND COPYRIGHT NOTICE
Place of production, publication, distribution, manufacture México :
Name of producer, publisher, distributor, manufacturer Fondo de Cultura Económica
Date of production, publication, distribution, manufacture, or copyright notice 1992
300 ## - PHYSICAL DESCRIPTION
Extent 206 p.
Dimensions 21 cm.
505 ## - FORMATTED CONTENTS NOTE
Formatted contents note 1. Las consecuencias sociales de las variaciones en el valor del dinero - 2. Las finanzas públicas y el valor de la moneda - 3. Las teorías del dinero y los cambios de divisas - 4. Diversos objetivos de la política monetaria - 5. Propuestas concretas para la futura regulación -
590 ## - LOCAL NOTE (RLIN)
Local note niveau_biblio:m niveau_hierar:0
700 1# - ADDED ENTRY--PERSONAL NAME
Personal name Keynes, John Maynard
856 41 - ELECTRONIC LOCATION AND ACCESS
Uniform Resource Identifier <a href="https://www.biblioeco.unsa.edu.ar/pmb/images/libros/L127410.jpg">https://www.biblioeco.unsa.edu.ar/pmb/images/libros/L127410.jpg</a>
Link text Imagen de portada
Electronic format type image/jpeg
942 ## - ADDED ENTRY ELEMENTS (KOHA)
Koha item type
Existencias
Withdrawn status Lost status Damaged status Not for loan Home library Current library Shelving location Date acquired Total checkouts Full call number Barcode Date last seen Price effective from Koha item type
        Biblioteca Prof. Eusebio Cleto del Rey Biblioteca Prof. Eusebio Cleto del Rey   07/04/2026   338.23:336.74 K44 L127410 07/04/2026 07/04/2026 Libro
        Biblioteca Prof. Eusebio Cleto del Rey Biblioteca Prof. Eusebio Cleto del Rey   07/04/2026   338.23:336.74 K44 L128616 07/04/2026 07/04/2026 Libro